=LDR 00000nam 2200000 4500 =001 INLIS000000000024458 =005 20200722074302 =035 ##$$a 0010-061300000024458 =008 200722################g##########0#ind## =041 ##$$a Ind =082 ##$$a 2X6.4 =090 ##$$a 2X6.4, Nur w =100 ##$$a Nurbakhsh, Javad =245 1#$$a Wanita-wanita sufi /$c Dr. Javad Nurbakhsh =260 ##$$a Bandung :$b Mizan,$c 1996 =300 ##$$a 235 hlm. ; $c 14 x 20 cm. =650 #4$$a Islam - kedududukan wanita =850 ##$$a NBPNMAT =084 ##$$a 2X6.4 NUR w =990 ##$$a 00043330 =990 ##$$a 95.014 pb.96